Normal view
MARC view
Entry Topical Term
001 - CONTROL NUMBER
- control field: 2073
003 - CONTROL NUMBER IDENTIFIER
- control field: NUST
005 - DATE AND TIME OF LATEST TRANSACTION
- control field: 20170606123444.0
008 - FIXED-LENGTH DATA ELEMENTS
- fixed length control field: 170606|| aca||aabn | a|a d
040 ## - CATALOGING SOURCE
- Original cataloging agency: NUST
- Transcribing agency: NUST
150 ## - HEADING--TOPICAL TERM
- Topical term or geographic name entry element:
- General subdivision: 1.Electronic digital computers ----- circuits 2. Logic circuits 3. Switching circuits.
670 ## - SOURCE DATA FOUND
- Source citation: Work cat.: (NUST)23716: Patrick O Connor 2072, Digital and Microoprocessor Technology , c1983
